| 000 | 00518nam a22001697a 4500 | ||
|---|---|---|---|
| 008 | 131212b xxu||||| |||| 00| 0 eng d | ||
| 020 | _a9781848315891 | ||
| 050 | _aQC773.W629 | ||
| 100 |
_aWhyntie, Tom _95592 |
||
| 245 |
_aIntroducing particle physics _cTom Whyntie and Oliver Pugh; edited by Duncan Heath |
||
| 260 |
_aLondon _bIcon Books _c2013 |
||
| 300 |
_a192p.; _c17cm. |
||
| 650 |
_aParticle physics _95593 |
||
| 700 |
_aPugh, Oliver _95594 |
||
| 700 |
_aHeath, Duncan (ed.) _95595 |
||
| 942 |
_2lcc _cMONOGRAPH |
||
| 999 |
_c119230 _d119230 |
||